| 000 | 00607nam a2200229Ia 4500 | ||
|---|---|---|---|
| 003 | OSt | ||
| 005 | 20221007063003.0 | ||
| 006 | a|||||r|||| 00| 0 | ||
| 007 | ta | ||
| 008 | 221006b |||||||| |||| 00| 0 eng d | ||
| 024 | _a28,739 | ||
| 037 | _cTextual | ||
| 040 |
_aFLL _cFLL _beng |
||
| 041 |
_2eng _aeng |
||
| 082 | _aZQ2:115, H3 | ||
| 100 |
_aGharpure J.R. _973892 |
||
| 245 | 0 | _aRights of women under the hindu law | |
| 260 |
_aBombay _bN.M. Tripathi Ltd. India _c1943 |
||
| 300 |
_a165p _ccm. |
||
| 942 |
_hZQ2:115, H3 _cTEXL _2CC |
||
| 999 |
_c1130041 _d1130041 |
||